Fundamentals of electricity and magnetism/Arthur F,Kip (Registro nro. 21373)
[ vista simple ]
| 000 -LÍDER | |
|---|---|
| fixed length control field | 00327nam a2200121 4500 |
| 008 - ELEMENTOS DE LONGITUD FIJA -- INFORMACIÓN GENERAL | |
| fixed length control field | 01962 1969 0 000 0Usa |
| 020 ## - NÚMERO INTERNACIONAL NORMALIZADO PARA LIBROS | |
| ISBN | 68-25655 |
| 082 ## - NUMERO DE CLASIFICACION DECIMAL DEWEY | |
| Número de Clasificación | 537 K197f |
| 100 ## - ASIENTO PRINCIPAL--NOMBRE PERSONAL | |
| Nombre personal | Kip, Arthur F |
| 245 ## - TÍTULO | |
| Título | Fundamentals of electricity and magnetism/Arthur F,Kip |
| 260 ## - PUBLICACIÓN, DISTRIBUCIÓN, ETC. (PIE DE IMPRENTA) | |
| Lugar de publicación, distribución, etc. | Usa : McGraw-Hill |
| 300 ## - DESCRIPCIÓN FÍSICA | |
| Extensión | 630p /21cm |
| No. biblioteca | No. biblioteca | Número de clasificación | Código de barras/Número de adquisición | Número de copia | Tipo de material |
|---|---|---|---|---|---|
| LUIS G. INCLAN | LUIS G. INCLAN | 537 K197f | 4022 | 1 | 8 | Libros |
